Kadra rep. Hiszpanii na EURO 2012 - Statystyki

Ogólne statystyki
  • Ten quiz został rozwiązany 235 razy
  • Średni wynik to 15 z 24
Statystyki odpowiedzi
pozycja klub piłkarz % Poprawnych
B Real Madryt Iker Casillas
98%
P Barcelona Xavi
98%
P Barcelona Andres Iniesta
97%
O Real Madryt Sergio Ramos
97%
N Chelsea Fernando Torres
93%
O Barcelona Gerard Pique
93%
B Barcelona Victor Valdes
91%
P Manchester City David Silva
88%
B Liverpool Pepe Reina
88%
P Barcelona Sergio Busquets
84%
O Valencia Jordi Alba
74%
P Barcelona Cesc Fabregas
68%
P Real Madryt Xabi Alonso
67%
Selekcjoner - Vicente del Bosque
59%
O Real Madryt Alvaro Arbeloa
58%
P Chelsea Juan Mata
57%
O Atletico Juanfran
44%
O Real Madryt Raul Albiol
39%
P Malaga Santi Cazorla
30%
N Athletic Bilbao Fernando Llorente
29%
P Barcelona Thiago
25%
P Athletic Bilbao Javi Martinez
22%
N Valencia Roberto Soldado
22%
O Malaga Nacho Monreal
7%
Nie znaleziono quizów pasujących do podanych kryteriów
Rozkład punktacji
Procent ludzi z każdym wynikiem
Percentyl według liczby udzielonych odpowiedzi
Twoja historia wyników
Nie rozwiązałeś tego quizu